000 00326nam a2200145Ia 4500
008 191201s2010 xx 000 0 und d
082 _a658.15
_bGUM
100 _aGUPTA, KULDEEP
245 0 _aManagerial Economics
250 _a6th rev
260 _aN. Delhi
_bUDH
_c2010
300 _a674
650 _aBBA
942 _2ddc
_cBK
999 _c4889
_d4889